[Event "Deutsche Ländermeisterschaft 2016"]
[Site "Hannover GER"]
[Date "2016.10.04"]
[Round "6"]
[White "Degenhard, Simon"]
[Black "Wachinger, Nikolas"]
[Result "1/2-1/2"]
[Termination "normal"]
[Board "3.3"]
[WhiteElo "2042"]
[BlackElo "1646"]
[WhiteClock "00:57:57"]
[BlackClock "01:16:06"]
[WhiteTeam "Württemberg"]
[BlackTeam "Bremen & Friends"]
[PlyCount "83"]
[WhiteFideId "12944017"]
[BlackFideId "12962791"]
[EventCountry "GER"]
[EventRounds "7"]
[EventType "team-swiss"]
[EventDate "2016.09.30"]

1. e4 c5 2. d4 cxd4 3. c3 Nf6 4. e5 Nd5 5. Nf3 Nc6 6. cxd4 d6 7. Bc4 dxe5 8.
dxe5 Nb6 9. Qxd8+ Nxd8 10. Bb5+ Bd7 11. Nc3 a6 12. Be3 Bxb5 13. Bxb6 Bc6 14.
Nd4 e6 15. O-O Bb4 16. Rac1 O-O 17. Nce2 Be4 18. a3 Bd2 19. Rcd1 Bg5 20. Nc3
Bc6 21. f4 Be7 22. g3 g6 23. Kf2 h5 24. Ke3 Rc8 25. Nxc6 Rxc6 26. Bxd8 Bxd8 27.
Rd7 b5 28. Rfd1 Ba5 29. R1d6 Rxd6 30. Rxd6 Bxc3 31. bxc3 Rc8 32. Kd3 a5 33. Ra6
a4 34. Rd6 Kg7 35. Rd4 Rc5 36. h3 g5 37. Rb4 gxf4 38. gxf4 Kg6 39. Kd4 Rd5+ 40.
Ke4 Rc5 41. Kd4 Rd5+ 42. Ke4 1/2-1/2

[Event "Deutsche Ländermeisterschaft 2016"]
[Site "Hannover GER"]
[Date "2016.10.04"]
[Round "6"]
[White "Colbow, Collin"]
[Black "Leser, Katrin"]
[Result "1/2-1/2"]
[Termination "normal"]
[Board "3.4"]
[WhiteElo "1909"]
[BlackElo "2056"]
[WhiteClock "01:22:22"]
[BlackClock "00:50:39"]
[WhiteTeam "Bremen & Friends"]
[BlackTeam "Württemberg"]
[PlyCount "116"]
[WhiteFideId "16201132"]
[BlackFideId "12997692"]
[EventCountry "GER"]
[EventRounds "7"]
[EventType "team-swiss"]
[EventDate "2016.09.30"]

1. e4 e6 2. d4 d5 3. Nd2 Nf6 4. e5 Nfd7 5. Bd3 c5 6. c3 Nc6 7. Ne2 cxd4 8. cxd4
f6 9. exf6 Nxf6 10. Nf3 Bd6 11. O-O Qc7 12. Bg5 O-O 13. Bh4 Nh5 14. Qc2 g6 15.
Bxg6 Nf4 16. Bd3 Qg7 17. Nxf4 Bxf4 18. Qc3 Bd7 19. Rad1 Be8 20. Bg3 Bh5 21. Be2
Rac8 22. Qd3 Bg6 23. Qa3 Bc2 24. Rde1 Bxg3 25. hxg3 Nxd4 26. Nxd4 Qxd4 27. Qe7
Bf5 28. Qg5+ Kh8 29. b3 Rc2 30. a3 Rc3 31. Bf3 Rg8 32. Qh5 Rxb3 33. g4 Bxg4 34.
Bxg4 Qxg4 35. Qxg4 Rxg4 36. Rxe6 Rxa3 37. Re2 d4 38. f4 d3 39. Rd2 Kg7 40. Kh2
Kf6 41. g3 Rg7 42. Kg2 Rc7 43. Kf3 Rc2 44. Ke3 Rxd2 45. Kxd2 b5 46. Rh1 Kg6 47.
g4 h6 48. f5+ Kg5 49. Rf1 Ra6 50. Kxd3 Rf6 51. Rg1 Rb6 52. Kc3 Rc6+ 53. Kb4 a6
54. Ka5 h5 55. gxh5+ Kxh5 56. Rg2 Rf6 57. Rg1 Rxf5 58. Kxa6 b4 1/2-1/2

[Event "Deutsche Ländermeisterschaft 2016"]
[Site "Hannover GER"]
[Date "2016.10.04"]
[Round "6"]
[White "Gaßmann, Linda"]
[Black "Petri, Ben-Luca"]
[Result "1-0"]
[Termination "normal"]
[Board "3.5"]
[WhiteElo "1899"]
[BlackElo "1719"]
[WhiteClock "00:57:21"]
[BlackClock "01:06:17"]
[WhiteTeam "Württemberg"]
[BlackTeam "Bremen & Friends"]
[PlyCount "107"]
[WhiteFideId "12900451"]
[BlackFideId "12947261"]
[EventCountry "GER"]
[EventRounds "7"]
[EventType "team-swiss"]
[EventDate "2016.09.30"]

1. d4 Nf6 2. c4 g6 3. Nc3 d5 4. cxd5 Nxd5 5. e4 Nxc3 6. bxc3 Bg7 7. Be3 O-O 8.
Nf3 c5 9. Rc1 Qa5 10. Qd2 Nc6 11. d5 Rd8 12. Be2 Bg4 13. O-O Bxf3 14. Bxf3 Ne5
15. Be2 Rac8 16. f4 Nd7 17. c4 Qxd2 18. Bxd2 Bd4+ 19. Kh1 Nf6 20. Bf3 e5 21.
fxe5 Bxe5 22. Bg5 Rd6 23. Rb1 b6 24. a4 a5 25. Rb5 h5 26. Rfb1 Nd7 27. Be7 Re8
28. Bxd6 Bxd6 29. Kg1 Bc7 30. Rd1 Bd6 31. g3 Kg7 32. Kf2 Kf6 33. Rdb1 Bc7 34.
Bg2 g5 35. Bh3 g4 36. Bg2 Ke5 37. Ke3 Bd8 38. Rf1 Bg5+ 39. Kd3 f6 40. h4 Bh6
41. Rf5+ Kd6 42. Rxh5 Bg7 43. Rf5 Ne5+ 44. Kc3 Kc7 45. Rb1 Re7 46. h5 Rf7 47.
Rbf1 Kd6 48. h6 Bh8 49. Kb3 Ke7 50. Rh1 Rh7 51. Bf1 Nf7 52. Rfh5 Nd6 53. Bd3
Rf7 54. R1h4 1-0

[Event "Deutsche Ländermeisterschaft 2016"]
[Site "Hannover GER"]
[Date "2016.10.04"]
[Round "6"]
[White "Silber, Stefanie"]
[Black "Brunner, Jan"]
[Result "1/2-1/2"]
[Termination "normal"]
[Board "3.6"]
[WhiteElo "1651"]
[BlackElo "1953"]
[WhiteClock "00:58:01"]
[BlackClock "01:13:06"]
[WhiteTeam "Bremen & Friends"]
[BlackTeam "Württemberg"]
[PlyCount "102"]
[WhiteFideId "12918245"]
[BlackFideId "12981010"]
[EventCountry "GER"]
[EventRounds "7"]
[EventType "team-swiss"]
[EventDate "2016.09.30"]

1. e4 c5 2. Nf3 Nc6 3. d4 cxd4 4. Nxd4 Nf6 5. Nc3 d6 6. f3 e6 7. Be3 Be7 8. Qd2
a6 9. Bd3 Nxd4 10. Bxd4 O-O 11. O-O Qc7 12. Ne2 Nd7 13. Qc3 Qxc3 14. Nxc3 Nc5
15. Be2 b6 16. Nd1 Bb7 17. c4 Rac8 18. Nc3 Bc6 19. Rfd1 Rfd8 20. Rac1 Rb8 21.
b4 Na4 22. a3 Nb2 23. Re1 Na4 24. b5 Nxc3 25. Rxc3 axb5 26. cxb5 Ba8 27. Rec1
d5 28. e5 f6 29. a4 fxe5 30. Bxe5 Bd6 31. Bxd6 Rxd6 32. Rc8+ Rd8 33. R8c7 Kf8
34. Bd3 h6 35. Bg6 Rb7 36. R1c6 Rxc7 37. Rxc7 d4 38. Kf2 Bd5 39. a5 bxa5 40.
Rf7+ Kg8 41. Ra7 Rb8 42. Rxa5 Kf8 43. Bd3 Ke7 44. Ra7+ Rb7 45. Ra4 e5 46. f4 g5
47. fxe5 Ke6 48. Rxd4 Kxe5 49. Ra4 Rf7+ 50. Kg3 Rc7 51. Be2 Rc3+ 1/2-1/2

[Event "Deutsche Ländermeisterschaft 2016"]
[Site "Hannover GER"]
[Date "2016.10.04"]
[Round "6"]
[White "Kölle, Tobias"]
[Black "Caliebe, Nanke"]
[Result "1-0"]
[Termination "normal"]
[Board "3.7"]
[WhiteElo "1822"]
[BlackElo "1478"]
[WhiteClock "01:27:58"]
[BlackClock "00:45:55"]
[WhiteTeam "Württemberg"]
[BlackTeam "Bremen & Friends"]
[PlyCount "107"]
[WhiteFideId "16207378"]
[BlackFideId "12980528"]
[EventCountry "GER"]
[EventRounds "7"]
[EventType "team-swiss"]
[EventDate "2016.09.30"]

1. d4 d5 2. c4 c6 3. cxd5 cxd5 4. Nc3 g6 5. Nf3 Bg7 6. Bf4 Nc6 7. e3 a6 8. Be2
Nf6 9. h3 O-O 10. O-O Bf5 11. Rc1 Rc8 12. Na4 Ne4 13. Nc5 Nxc5 14. Rxc5 Qb6 15.
Qd2 e5 16. Nxe5 Bxe5 17. Bxe5 Nxe5 18. Rxc8 Rxc8 19. dxe5 Rc2 20. Qd1 Qxb2 21.
Qxd5 Rd2 22. Qa5 b6 23. Qa4 Bd7 24. Qh4 Qxe5 25. Bxa6 Rxa2 26. Bc4 Ra4 27. Qd8+
Qe8 28. Qc7 Qc8 29. Qxc8+ Bxc8 30. Rc1 Bf5 31. Bd5 b5 32. Rc7 Ra1+ 33. Kh2 Be6
34. Bxe6 fxe6 35. Rb7 Rb1 36. Kg3 Rb2 37. Kf3 b4 38. g3 b3 39. Ke4 Rb1 40. Ke5
Rf1 41. f4 Rf3 42. Rxb3 Rxg3 43. Kxe6 Rxh3 44. Kf6 h5 45. Kxg6 Kf8 46. f5 h4
47. Rb8+ Ke7 48. f6+ Ke6 49. Re8+ Kd7 50. f7 Rg3+ 51. Kh5 h3 52. f8=Q h2 53.
Qe7+ Kc6 54. Rc8+ 1-0

[Event "Deutsche Ländermeisterschaft 2016"]
[Site "Hannover GER"]
[Date "2016.10.04"]
[Round "6"]
[White "Bildat, Emilia"]
[Black "Liu, Sijia Anna"]
[Result "0-1"]
[Termination "normal"]
[Board "3.8"]
[WhiteElo "1144"]
[BlackElo "1445"]
[WhiteClock "01:12:49"]
[BlackClock "00:59:15"]
[WhiteTeam "Bremen & Friends"]
[BlackTeam "Württemberg"]
[PlyCount "54"]
[WhiteFideId "16218140"]
[BlackFideId "12989746"]
[EventCountry "GER"]
[EventRounds "7"]
[EventType "team-swiss"]
[EventDate "2016.09.30"]

1. d4 d5 2. Bf4 c5 3. c3 Nf6 4. e3 Qb6 5. Qb3 c4 6. Qc2 Nc6 7. Nd2 e6 8. Be2
Be7 9. h3 O-O 10. Ngf3 h6 11. Ne5 Nd7 12. g4 Bf6 13. Nxc6 Qxc6 14. h4 e5 15.
dxe5 Bxe5 16. g5 Bxf4 17. exf4 Re8 18. Nf3 Nc5 19. O-O-O Qd6 20. Ne5 b5 21.
gxh6 Qxh6 22. Rd4 Rxe5 23. Qd2 Re7 24. Bf3 Nd3+ 25. Kb1 Bb7 26. Bxd5 Bxd5 27.
Rxd5 Qc6 0-1

[Event "Deutsche Ländermeisterschaft 2016"]
[Site "Hannover GER"]
[Date "2016.10.04"]
[Round "6"]
[White "Kitze, Alexander"]
[Black "Richter, Leonard"]
[Result "0-1"]
[Termination "normal"]
[Board "4.1"]
[WhiteElo "2159"]
[BlackElo "2282"]
[WhiteClock "00:10:14"]
[BlackClock "00:15:03"]
[WhiteTeam "Sachsen-Anhalt"]
[BlackTeam "Sachsen"]
[PlyCount "44"]
[WhiteFideId "12914827"]
[BlackFideId "12900290"]
[EventCountry "GER"]
[EventRounds "7"]
[EventType "team-swiss"]
[EventDate "2016.09.30"]

1. e4 c5 2. Nf3 d6 3. d4 cxd4 4. Nxd4 Nf6 5. Nc3 a6 6. Qf3 g6 7. h3 Bg7 8. Be3
O-O 9. O-O-O Nc6 10. g4 Bd7 11. Qg2 Rc8 12. f4 Na5 13. Kb1 Nc4 14. Bxc4 Rxc4
15. e5 Ne8 16. Qxb7 Nc7 17. exd6 exd6 18. Qb3 d5 19. Nde2 Qa8 20. Qa3 Rb8 21.
Qd6 Rxc3 22. Bd4 Qc6 0-1

[Event "Deutsche Ländermeisterschaft 2016"]
[Site "Hannover GER"]
[Date "2016.10.04"]
[Round "6"]
[White "Zienert, Richard"]
[Black "Biastoch, Bennet"]
[Result "1-0"]
[Termination "normal"]
[Board "4.2"]
[WhiteElo "2182"]
[BlackElo "2117"]
[WhiteClock "00:23:14"]
[BlackClock "00:02:06"]
[WhiteTeam "Sachsen"]
[BlackTeam "Sachsen-Anhalt"]
[PlyCount "73"]
[WhiteFideId "12945986"]
[BlackFideId "12939889"]
[EventCountry "GER"]
[EventRounds "7"]
[EventType "team-swiss"]
[EventDate "2016.09.30"]

1. d4 d5 2. Nf3 Nf6 3. g3 e6 4. Bg2 Be7 5. c4 c5 6. cxd5 Nxd5 7. O-O O-O 8. Nc3
Nc6 9. Nxd5 Qxd5 10. Be3 Qh5 11. dxc5 e5 12. a3 Be6 13. b4 a6 14. h4 h6 15. Nh2
Rad8 16. Qe1 f5 17. Rd1 f4 18. Rxd8 Bxd8 19. Bc1 g5 20. hxg5 hxg5 21. Bb2 Kf7
22. g4 Qh6 23. Qd2 Rh8 24. Nf3 Bxg4 25. Bxe5 Rh7 26. Rd1 Be6 27. a4 Be7 28. Bc7
Bh3 29. Qd5+ Be6 30. Qe4 Qg6 31. Qxg6+ Kxg6 32. Ne5+ Nxe5 33. Bxe5 Kf5 34. Bc3
a5 35. Rb1 axb4 36. Rxb4 Kg4 37. Rxb7 1-0

[Event "Deutsche Ländermeisterschaft 2016"]
[Site "Hannover GER"]
[Date "2016.10.04"]
[Round "6"]
[White "Wagner, Benjamin"]
[Black "Wong, Gengchun"]
[Result "0-1"]
[Termination "normal"]
[Board "4.3"]
[WhiteElo "1923"]
[BlackElo "2069"]
[WhiteClock "00:01:41"]
[BlackClock "00:03:32"]
[WhiteTeam "Sachsen-Anhalt"]
[BlackTeam "Sachsen"]
[PlyCount "78"]
[WhiteFideId "12957330"]
[BlackFideId "12963283"]
[EventCountry "GER"]
[EventRounds "7"]
[EventType "team-swiss"]
[EventDate "2016.09.30"]

1. e4 c5 2. Nf3 d6 3. d4 cxd4 4. Nxd4 Nf6 5. Nc3 a6 6. Bg5 Nbd7 7. Qe2 Qc7 8.
O-O-O g6 9. f4 e5 10. fxe5 dxe5 11. Nf3 h6 12. Bh4 b5 13. Kb1 Bb7 14. Nd5 Nxd5
15. exd5 Bd6 16. g4 O-O 17. Qd2 Kg7 18. Bf2 Rac8 19. h4 Rh8 20. h5 g5 21. Rh3
Nf6 22. c3 Nxd5 23. Nxg5 hxg5 24. Qxg5+ Kf8 25. h6 f6 26. Qf5 Qh7 27. Rhd3 Qxf5
28. gxf5 Bc5 29. Bxc5+ Rxc5 30. Bg2 e4 31. Rd4 Nc7 32. Rd8+ Ne8 33. R1d7 Rc8
34. Rxe8+ Rxe8 35. Rxb7 Rxh6 36. Rb6 e3 37. Bf3 e2 38. Bxe2 Rxe2 39. Rxa6 Rh1#
0-1

[Event "Deutsche Ländermeisterschaft 2016"]
[Site "Hannover GER"]
[Date "2016.10.04"]
[Round "6"]
[White "Nguyen, Alex Dac-Vuong"]
[Black "Dietz, Florian"]
[Result "1-0"]
[Termination "normal"]
[Board "4.4"]
[WhiteElo "2160"]
[BlackElo "1821"]
[WhiteClock "01:14:44"]
[BlackClock "00:24:45"]
[WhiteTeam "Sachsen"]
[BlackTeam "Sachsen-Anhalt"]
[PlyCount "99"]
[WhiteFideId "12984388"]
[BlackFideId "12939897"]
[EventCountry "GER"]
[EventRounds "7"]
[EventType "team-swiss"]
[EventDate "2016.09.30"]

1. e4 c5 2. c3 d5 3. exd5 Qxd5 4. d4 Nf6 5. Nf3 Bg4 6. dxc5 Qxd1+ 7. Kxd1 e5 8.
b4 e4 9. h3 Bh5 10. g4 Nxg4 11. hxg4 Bxg4 12. Nbd2 exf3 13. Bd3 Nc6 14. Re1+
Kd7 15. Nc4 Be6 16. Bf4 Rd8 17. Kc2 Be7 18. Rad1 Kc8 19. b5 Nb8 20. Nd6+ Bxd6
21. cxd6 Nd7 22. c4 Nc5 23. Kc3 Nxd3 24. Rxd3 b6 25. Kb4 Kd7 26. Ra3 Ra8 27.
Rc1 Rhc8 28. Ra6 f5 29. a4 h6 30. a5 g5 31. Be5 Rcb8 32. Rc3 g4 33. c5 bxc5+
34. Rxc5 Rb7 35. Rac6 Rab8 36. Rc7+ Kd8 37. a6 Rb6 38. Bf6+ Ke8 39. Re7+ Kf8
40. Rxe6 Kf7 41. Rce5 Rxb5+ 42. Rxb5 Rxb5+ 43. Kxb5 Kxe6 44. Kc6 g3 45. d7 g2
46. d8=Q Kf7 47. Qe7+ Kg6 48. Qg7+ Kh5 49. Qg3 f4 50. Qxf3+ 1-0

[Event "Deutsche Ländermeisterschaft 2016"]
[Site "Hannover GER"]
[Date "2016.10.04"]
[Round "6"]
[White "Hundrieser, Malte"]
[Black "Simon, Tessa"]
[Result "0-1"]
[Termination "normal"]
[Board "4.5"]
[WhiteElo "1787"]
[BlackElo "1913"]
[WhiteClock "00:12:03"]
[BlackClock "00:01:46"]
[WhiteTeam "Sachsen-Anhalt"]
[BlackTeam "Sachsen"]
[PlyCount "96"]
[WhiteFideId "12997153"]
[BlackFideId "12929395"]
[EventCountry "GER"]
[EventRounds "7"]
[EventType "team-swiss"]
[EventDate "2016.09.30"]

1. e4 c5 2. Nf3 Nc6 3. d4 cxd4 4. Nxd4 Nf6 5. Nc3 e5 6. Ndb5 d6 7. Bg5 a6 8.
Na3 b5 9. Nd5 Be7 10. Bxf6 Bxf6 11. c3 Ne7 12. Nxe7 Bxe7 13. Nc2 Bb7 14. Bd3 d5
15. Qe2 O-O 16. exd5 Qxd5 17. Ne3 Qc6 18. f3 Bh4+ 19. g3 Bg5 20. Be4 Qb6 21.
Bxb7 Qxb7 22. Ng4 Rfe8 23. O-O e4 24. f4 Bd8 25. Ne3 Bb6 26. Kg2 Rad8 27. Rfd1
Bxe3 28. Rxd8 Rxd8 29. Qxe3 Rd3 30. Qe1 Qd5 31. Kg1 e3 32. Qf1 Rd2 33. Re1 Qh5
34. h3 e2 35. Qg2 g6 36. Kh2 Rxb2 37. g4 Qc5 38. Rxe2 Rxe2 39. Qxe2 Qxc3 40.
Kg2 Qd4 41. Kg3 Kf8 42. Kf3 Qd5+ 43. Kg3 a5 44. Qb2 Kg8 45. Qc2 h6 46. Qe2 b4
47. Qc2 Qd4 48. f5 Qc3+ 0-1

[Event "Deutsche Ländermeisterschaft 2016"]
[Site "Hannover GER"]
[Date "2016.10.04"]
[Round "6"]
[White "Burian, Simon"]
[Black "Dietz, Kristin"]
[Result "1/2-1/2"]
[Termination "normal"]
[Board "4.6"]
[WhiteElo "1802"]
[BlackElo "1601"]
[WhiteClock "00:06:58"]
[BlackClock "00:33:37"]
[WhiteTeam "Sachsen"]
[BlackTeam "Sachsen-Anhalt"]
[PlyCount "75"]
[WhiteFideId "12956902"]
[BlackFideId "12993743"]
[EventCountry "GER"]
[EventRounds "7"]
[EventType "team-swiss"]
[EventDate "2016.09.30"]

1. e4 c5 2. Nf3 d6 3. d4 cxd4 4. Nxd4 Nf6 5. f3 g6 6. c4 Bg7 7. Nc3 O-O 8. Be3
Nc6 9. Be2 Nxd4 10. Bxd4 Be6 11. O-O Qc7 12. b3 a6 13. Rc1 Rfc8 14. Na4 Nd7 15.
Bxg7 Kxg7 16. Qd4+ f6 17. f4 b5 18. Nb2 Qc5 19. Rfd1 Qxd4+ 20. Rxd4 b4 21. Bf3
Rab8 22. g4 Nc5 23. Re1 Rd8 24. Red1 Rd7 25. Nd3 Nxd3 26. R1xd3 Rbd8 27. f5 Bf7
28. c5 a5 29. Bd1 Be8 30. cxd6 Rxd6 31. Rxd6 Rxd6 32. Rxd6 exd6 33. Kf2 Bb5 34.
Be2 Bc6 35. Ke3 Kf7 36. Kd4 Ke7 37. Bc4 g5 38. Bd5 1/2-1/2

[Event "Deutsche Ländermeisterschaft 2016"]
[Site "Hannover GER"]
[Date "2016.10.04"]
[Round "6"]
[White "Fritsch, Lea"]
[Black "Bui, Ngoc Han Julia"]
[Result "0-1"]
[Termination "normal"]
[Board "4.7"]
[WhiteElo "1317"]
[BlackElo "1768"]
[WhiteClock "00:35:29"]
[BlackClock "00:27:24"]
[WhiteTeam "Sachsen-Anhalt"]
[BlackTeam "Sachsen"]
[PlyCount "74"]
[WhiteFideId "16212436"]
[BlackFideId "12977055"]
[EventCountry "GER"]
[EventRounds "7"]
[EventType "team-swiss"]
[EventDate "2016.09.30"]

1. e4 c5 2. Nf3 d6 3. d4 cxd4 4. Nxd4 Nf6 5. Nc3 a6 6. Qf3 e6 7. Be3 Qc7 8.
O-O-O Nc6 9. Be2 Bd7 10. Kb1 Rc8 11. h4 Ne5 12. Qg3 b5 13. a3 Nc4 14. Bg5 Nxa3+
15. bxa3 Qxc3 16. Qxc3 Rxc3 17. Kb2 Rc7 18. Bd3 Be7 19. Rhe1 Ng4 20. Bxe7 Kxe7
21. Re2 Rhc8 22. Rde1 Kf8 23. Nf3 Bc6 24. Nd4 Ne5 25. Re3 Bd7 26. Rg3 Nxd3+ 27.
cxd3 e5 28. Ne2 Rc2+ 29. Kb1 Be6 30. Re3 a5 31. Rf1 Ra2 32. d4 Rcc2 33. d5 Rxe2
34. Rxe2 Rxe2 35. dxe6 fxe6 36. Rd1 Ke7 37. Rc1 Kd7 0-1

[Event "Deutsche Ländermeisterschaft 2016"]
[Site "Hannover GER"]
[Date "2016.10.04"]
[Round "6"]
[White "Peglau, Mirjam"]
[Black "Stowicek, Yara Mathilda"]
[Result "1-0"]
[Termination "normal"]
[Board "4.8"]
[WhiteElo "1534"]
[BlackElo "1391"]
[WhiteClock "00:41:31"]
[BlackClock "00:45:52"]
[WhiteTeam "Sachsen"]
[BlackTeam "Sachsen-Anhalt"]
[PlyCount "167"]
[WhiteFideId "16211138"]
[BlackFideId "16203569"]
[EventCountry "GER"]
[EventRounds "7"]
[EventType "team-swiss"]
[EventDate "2016.09.30"]

1. e4 e5 2. Nf3 Nc6 3. Bc4 Bc5 4. O-O d6 5. h3 Nf6 6. d3 O-O 7. Bg5 h6 8. Bh4
Be6 9. Bb3 Bxb3 10. axb3 Qe7 11. Nc3 Qe6 12. Qd2 a6 13. Rad1 Rfe8 14. Rfe1 Ba7
15. Qe2 Nd4 16. Nxd4 Bxd4 17. Qf3 Rac8 18. Bxf6 Qxf6 19. Qxf6 gxf6 20. Nd5 Kg7
21. c3 Ba7 22. Kf1 c6 23. Ne3 Bxe3 24. Rxe3 Kh7 25. d4 Rcd8 26. g4 d5 27. dxe5
fxe5 28. exd5 Rxd5 29. Rxd5 cxd5 30. Rd3 Rd8 31. Ke2 Kg6 32. h4 f6 33. f3 f5
34. Ke3 Kf6 35. Rd2 Rd7 36. Rd3 Rd8 37. Rd2 Kg6 38. Rg2 Kf6 39. g5+ hxg5 40.
hxg5+ Kg6 41. f4 e4 42. Rd2 b5 43. c4 bxc4 44. bxc4 d4+ 45. Rxd4 Ra8 46. c5 Rc8
47. Rd6+ Kg7 48. b4 a5 49. bxa5 Rxc5 50. a6 Ra5 51. Rd7+ Kg6 52. a7 Ra4 53.
Rd6+ Kg7 54. Rf6 Rxa7 55. Rxf5 Re7 56. Re5 Ra7 57. Kxe4 Ra4+ 58. Kf5 Ra7 59.
Kg4 Ra1 60. Re3 Ra6 61. Rf3 Ra4 62. Kh5 Ra1 63. f5 Rh1+ 64. Kg4 Rg1+ 65. Rg3
Ra1 66. Rh3 Ra4+ 67. Kh5 Ra5 68. f6+ Kf7 69. Kh6 Ra8 70. Kh7 Rg8 71. Rg3 Rg6
72. Rg4 Rg8 73. g6+ Kf8 74. g7+ Kf7 75. Rg1 Re8 76. g8=Q+ Rxg8 77. Rxg8 Kxf6
78. Rg7 Ke6 79. Kg6 Ke5 80. Rf7 Ke6 81. Rf5 Kd6 82. Kf7 Kc6 83. Ke7 Kb6 84. Kd7
1-0

[Event "Deutsche Ländermeisterschaft 2016"]
[Site "Hannover GER"]
[Date "2016.10.04"]
[Round "6"]
[White "Bauer, Andreas"]
[Black "Nguyen, Huy Dat"]
[Result "1/2-1/2"]
[Termination "normal"]
[Board "5.1"]
[WhiteElo "2239"]
[BlackElo "2174"]
[WhiteClock "00:14:26"]
[BlackClock "00:38:16"]
[WhiteTeam "Baden 1"]
[BlackTeam "Thüringen"]
[PlyCount "59"]
[WhiteFideId "4625030"]
[BlackFideId "12923486"]
[EventCountry "GER"]
[EventRounds "7"]
[EventType "team-swiss"]
[EventDate "2016.09.30"]

1. d4 Nf6 2. Bf4 g6 3. e3 Bg7 4. Nf3 O-O 5. Be2 d6 6. h3 Nfd7 7. O-O e5 8. Bh2
Nc6 9. a4 e4 10. Nfd2 f5 11. a5 Nf6 12. c4 g5 13. Nc3 a6 14. d5 Ne7 15. c5 dxc5
16. Bc4 Nfxd5 17. Nxd5 Nxd5 18. Nxe4 fxe4 19. Qxd5+ Qxd5 20. Bxd5+ Kh8 21. Bxc7
Bf5 22. Rab1 Rae8 23. b3 Bc8 24. Rbc1 Rf5 25. Rfd1 Bf8 26. Rc4 Re7 27. Bxe4
Rxc7 28. Bxf5 Bxf5 29. b4 Kg7 30. bxc5 1/2-1/2

[Event "Deutsche Ländermeisterschaft 2016"]
[Site "Hannover GER"]
[Date "2016.10.04"]
[Round "6"]
[White "Scheftlein, Richard"]
[Black "Gschnitzer, Adrian"]
[Result "0-1"]
[Termination "normal"]
[Board "5.2"]
[WhiteElo "2092"]
[BlackElo "2232"]
[WhiteClock "00:07:14"]
[BlackClock "00:07:54"]
[WhiteTeam "Thüringen"]
[BlackTeam "Baden 1"]
[PlyCount "120"]
[WhiteFideId "12945609"]
[BlackFideId "1270337"]
[EventCountry "GER"]
[EventRounds "7"]
[EventType "team-swiss"]
[EventDate "2016.09.30"]

1. d4 Nf6 2. c4 c5 3. d5 b5 4. cxb5 a6 5. bxa6 g6 6. g3 d6 7. Bg2 Bg7 8. Nc3
Bxa6 9. Nf3 Nbd7 10. Rb1 O-O 11. O-O Ne8 12. Qc2 Qb6 13. Rd1 Nc7 14. Bd2 Nb5
15. Nxb5 Bxb5 16. b3 Qa6 17. Bg5 h6 18. Rd2 hxg5 19. a4 g4 20. axb5 Qxb5 21.
Ng5 Bh6 22. Ne6 fxe6 23. Qxg6+ Bg7 24. dxe6 Ne5 25. Qh5 Qe8 26. Qg5 Rb8 27. Be4
Rb4 28. Bf5 Rf6 29. Ra2 Qf8 30. Bc2 Kh8 31. Rba1 Bh6 32. Qh5 Rb8 33. Be4 Qg7
34. Ra7 Rbf8 35. Qh4 Rxe6 36. Ra8 Ref6 37. Rxf8+ Rxf8 38. Ra7 Qg5 39. Rxe7 Qxh4
40. gxh4 Rf7 41. Re6 Bf8 42. h5 Re7 43. Rxd6 Nf7 44. Rf6 Rxe4 45. Rxf7 Kg8 46.
Rf6 Rxe2 47. Rg6+ Kh7 48. Rxg4 Re5 49. Rh4 Kh6 50. Kg2 Rxh5 51. Rxh5+ Kxh5 52.
Kf3 Kh4 53. Kf4 Kh3 54. Ke5 Kxh2 55. Ke6 Kg2 56. f4 Kf3 57. Kf7 Bh6 58. f5 Ke4
59. Ke7 Kxf5 60. Kd6 Bf8+ 0-1

[Event "Deutsche Ländermeisterschaft 2016"]
[Site "Hannover GER"]
[Date "2016.10.04"]
[Round "6"]
[White "Färber, David"]
[Black "Weishäutel, Moritz"]
[Result "1/2-1/2"]
[Termination "normal"]
[Board "5.3"]
[WhiteElo "2186"]
[BlackElo "1946"]
[WhiteClock "00:18:17"]
[BlackClock "00:22:46"]
[WhiteTeam "Baden 1"]
[BlackTeam "Thüringen"]
[PlyCount "102"]
[WhiteFideId "12971294"]
[BlackFideId "12967300"]
[EventCountry "GER"]
[EventRounds "7"]
[EventType "team-swiss"]
[EventDate "2016.09.30"]

1. e4 e6 2. d4 d5 3. Nd2 Nf6 4. e5 Nfd7 5. Bd3 c5 6. c3 Nc6 7. Ne2 cxd4 8. cxd4
f6 9. exf6 Nxf6 10. Nf3 Bd6 11. O-O O-O 12. Bf4 Nh5 13. Bxd6 Qxd6 14. Nc3 Nf4
15. Re1 Bd7 16. Bf1 Be8 17. Ne5 Nxe5 18. Rxe5 Qb6 19. Qd2 Rf6 20. Rae1 Bd7 21.
g3 Ng6 22. R5e3 Raf8 23. R1e2 Ne7 24. Bh3 Nf5 25. Bxf5 Rxf5 26. f4 Rc8 27. b3
Rff8 28. Nd1 Rc7 29. Rc3 Rfc8 30. Ree3 Qa5 31. Qc2 Be8 32. Rxe6 Bg6 33. f5 Bh5
34. b4 Rxc3 35. Nxc3 Qxb4 36. Re3 Qxd4 37. Qd3 Qxd3 38. Rxd3 d4 39. Ne4 Rd8 40.
Nc5 Bf7 41. Kf2 b6 42. Nb3 Bxb3 43. axb3 Kf7 44. Kf3 Kf6 45. Kf4 g5+ 46. fxg6
hxg6 47. h4 a5 48. Ke4 b5 49. g4 Rh8 50. Rh3 Rd8 51. Rd3 Rh8 1/2-1/2

[Event "Deutsche Ländermeisterschaft 2016"]
[Site "Hannover GER"]
[Date "2016.10.04"]
[Round "6"]
[White "Grund, Sebastian"]
[Black "Wiesner, Paula"]
[Result "1/2-1/2"]
[Termination "normal"]
[Board "5.4"]
[WhiteElo "1859"]
[BlackElo "2116"]
[WhiteClock "00:17:07"]
[BlackClock "00:24:48"]
[WhiteTeam "Thüringen"]
[BlackTeam "Baden 1"]
[PlyCount "137"]
[WhiteFideId "12988626"]
[BlackFideId "24654019"]
[EventCountry "GER"]
[EventRounds "7"]
[EventType "team-swiss"]
[EventDate "2016.09.30"]

1. d4 e6 2. c4 Bb4+ 3. Bd2 a5 4. Nf3 Nf6 5. a3 Bxd2+ 6. Nbxd2 O-O 7. g3 d6 8.
Bg2 Nbd7 9. O-O e5 10. e4 exd4 11. Nxd4 a4 12. b3 axb3 13. N2xb3 Ra4 14. Qc2
Nb6 15. Nd2 Bd7 16. Rfb1 Qa8 17. Nb5 Rc8 18. c5 dxc5 19. Qxc5 Qa5 20. e5 Ng4
21. Bxb7 Qxd2 22. Rd1 Qh6 23. h4 Re8 24. Nxc7 Rxe5 25. Nd5 Nxd5 26. Bxd5 Qf6
27. f3 Nh6 28. Qc7 Qe7 29. Bxf7+ Nxf7 30. Rxd7 Qc5+ 31. Qxc5 Rxc5 32. Rb1 Rc8
33. Rbb7 Rf8 34. Kg2 Rxa3 35. g4 Ra5 36. Kg3 g5 37. hxg5 Rxg5 38. f4 Rg7 39.
Kh4 h6 40. Ra7 Rc8 41. Rdc7 Rxc7 42. Rxc7 Rg6 43. Rc8+ Kg7 44. Rc7 Rf6 45. Kg3
Kg6 46. Rc5 Ra6 47. Kh4 Ra4 48. Rc6+ Kg7 49. Kg3 Ra3+ 50. Kh4 Ra1 51. Rc3 Rh1+
52. Kg3 Rd1 53. Kh4 Rg1 54. Ra3 Rc1 55. Rb3 Rc6 56. Rb4 Rc1 57. Rb3 Rh1+ 58.
Kg3 h5 59. gxh5 Rxh5 60. Kg4 Rh1 61. Rb7 Rg1+ 62. Kf5 Rf1 63. Ra7 Rb1 64. Rc7
Rb6 65. Rc1 Rf6+ 66. Ke4 Nd6+ 67. Ke5 Nf7+ 68. Ke4 Nd6+ 69. Ke5 1/2-1/2

[Event "Deutsche Ländermeisterschaft 2016"]
[Site "Hannover GER"]
[Date "2016.10.04"]
[Round "6"]
[White "Visvikis, Christos"]
[Black "Ratay, Meike"]
[Result "0-1"]
[Termination "normal"]
[Board "5.5"]
[WhiteElo "1908"]
[BlackElo "1716"]
[WhiteClock "00:35:49"]
[BlackClock "00:38:52"]
[WhiteTeam "Baden 1"]
[BlackTeam "Thüringen"]
[PlyCount "42"]
[WhiteFideId "12967955"]
[BlackFideId "12977608"]
[EventCountry "GER"]
[EventRounds "7"]
[EventType "team-swiss"]
[EventDate "2016.09.30"]

1. e4 e5 2. Nf3 Nc6 3. d4 exd4 4. Nxd4 Bc5 5. Be3 Qf6 6. c3 Nge7 7. Bc4 b6 8.
O-O Bb7 9. Nb3 d6 10. Nxc5 bxc5 11. Nd2 O-O 12. Qc2 Ne5 13. Be2 Qg6 14. f3 Nd5
15. Bf2 Nf4 16. g3 Nxe2+ 17. Kh1 Ba6 18. Rfe1 Bd3 19. Qd1 Rab8 20. Nb3 Qh5 21.
g4 Qh3 0-1